| 000 | 01606cam a2200313 a 4500 | ||
|---|---|---|---|
| 001 | 16885633 | ||
| 005 | 20141120081839.0 | ||
| 008 | 110722s2012 enkab b 001 0 eng | ||
| 010 | _a 2011029058 | ||
| 020 | _a9780415581479 (hbk : alk. paper) | ||
| 020 | _a9780415581486 (pbk : alk. paper) | ||
| 020 | _a9780203136997 (ebk) | ||
| 040 |
_aDLC _cDLC _dDLC |
||
| 042 | _apcc | ||
| 050 | 0 | 0 |
_aHT 170 _b.Sm547 2012 |
| 082 | 0 | 0 | _a307.3/416 |
| 100 | 1 |
_aSmith, Andrew, _d1975 June 25- |
|
| 245 | 1 | 0 |
_aEvents and urban regeneration : _bthe strategic use of events to revitalise cities / _cAndrew Smith. |
| 260 |
_aLondon ; _aNew York : _bRoutledge, _c2012. |
||
| 300 |
_axvi, 302 pages : _billustrations, maps ; _c24 cm. |
||
| 504 | _aIncludes bibliographical references and indexes. | ||
| 505 | 0 | _aAn introduction to events and urban regeneration -- Towards a theoretical and critical understanding of event regeneration -- The evolution of event regeneration strategies -- Event venues and urban regeneration -- Events and the parallel physical regeneration of cities -- Events and social regeneration : from social impacts to social leverage -- Events and new directions for post-industrial cities -- Events and tourism development in post-industrial cities -- Delivering event regeneration -- Conclusions. | |
| 650 | 0 | _aUrban renewal. | |
| 650 | 0 | _aCity promotion. | |
| 650 | 0 | _aFestivals. | |
| 906 |
_a7 _bcbc _corignew _d1 _eecip _f20 _gy-gencatlg |
||
| 942 |
_2lcc _cBK _kFOR |
||
| 999 |
_c276835 _d276835 |
||